| 000 | 01835nam a2200361 i 4500 | ||
|---|---|---|---|
| 001 | 000022371 | ||
| 003 | DO-SdBNP | ||
| 005 | 20260429123224.0 | ||
| 007 | ta | ||
| 008 | 101006s2009 dr 001 0 spa d | ||
| 020 | _a9789945020779 | ||
| 040 |
_aDO-SdBNP _bspa _cBNPHU _erda |
||
| 082 | 4 |
_a306.2980 _bJ61L _222 |
|
| 100 | 1 |
_aJimenes Grullón, Juan Isidro, _d1903-1983 _92482 _eautor _4aut. |
|
| 245 | 1 | 0 |
_aLuchemos por nuestra América : _bideas y doctrinas políticas contemporáneas / _cJuan Isidro Jiménez Grullón. |
| 264 | 1 |
_aSanto Domingo : _bArchivo General de la Nación, _c2009. |
|
| 300 |
_a311 páginas ; _c23 cm. |
||
| 336 |
_atexto _btxt _2rdacontent |
||
| 337 |
_asin mediación _bn _2rdamedia |
||
| 338 |
_avolumen _bnc _2rdacarrier |
||
| 490 |
_aColección Archivo General de la Nación _v90 |
||
| 500 | _aIncluye datos biográficos del autor en la solapa de la cubierta. | ||
| 504 | _aBibliografía : páginas 303-306. | ||
| 505 | 2 |
_aPrefacio -- _gPrólogo -- _tLuchemos por nuestra América -- _tTrascendencia de Bolívar -- _tLabor de las sociedades culturales en relación con el porvenir de nuestra América -- _tDe la juventud latinoamericana. A los jóvenes del continente -- _tCulturas occidentales y cultura hispanoamericana autóctona -- _tIdeas y doctrinas políticas contemporáneas-- _tLa democracia -- _tEl socialismo -- _tEl comunismo -- _tFascismo y nazismo -- _tBases ideológicas de la revolución mexicana -- _tEl aprismo -- _gBibliografía -- _gÍndice onomástico. |
|
| 590 | _aInventariado, 2018/MFF | ||
| 650 | 4 |
_aSociología política _92483 |
|
| 650 | 0 |
_aParticipación política _9456 |
|
| 650 | 0 |
_aCiencias políticas _92426 |
|
| 650 | 4 |
_aSistemas económicos _97422 |
|
| 651 | 4 |
_aAmérica Latina _xPolítica y gobierno _92618 |
|
| 910 | _aValidado. Control de calidad EMS | ||
| 942 |
_2ddc _cLBS1 |
||
| 999 |
_c21869 _d21869 |
||